书目信息 |
| 题名: |
羌族
|
|
| 作者: | 陶斯文 编著 | |
| 分册: | 4 | |
| 出版信息: | 北京 中国人口出版社 2014 |
|
| 页数: | 128页 | |
| 开本: | 23cm | |
| 丛书名: | 中国少数民族人口丛书 | |
| 单 册: | ||
| 中图分类: | K287.4 , K28 | |
| 科图分类: | ||
| 主题词: | 羌族--民族文化--中国 | |
| 电子资源: | ||
| ISBN: | 978-7-5101-1517-2 | |
| 000 | 00956nam0 2200277 450 | |
| 001 | 2384153643 | |
| 005 | 20231129001413.23 | |
| 010 | @a978-7-5101-1517-2@dCNY38.00 | |
| 100 | @a20230131e2014 em y0chiy50 ea | |
| 101 | 0 | @achi@eeng |
| 102 | @aCN@b110000 | |
| 105 | @aa z 000yy | |
| 200 | 1 | @a羌族@Aqiang zu@h4@f陶斯文等编著 |
| 210 | @a北京@c中国人口出版社@d2014@h2022重印 | |
| 215 | @a128页@c图,照片@d23cm | |
| 225 | 2 | @@a中国少数民族人口丛书@f翟振武主编 |
| 300 | @a国家出版基金项目 中国作家协会《民族文学》杂志社支持 | |
| 330 | @a本书重点介绍了羌族的历史、文化、环境、功绩、民俗、史诗、人口、碉楼、音乐、羌舞、羌笛、羌绣、科技、经济等,突出了羌民族文化的特点,展示了羌族文化。 | |
| 410 | 0 | @12001 @a中国少数民族人口丛书 |
| 510 | 1 | @aQiang nationality@zeng |
| 606 | 0 | @a羌族@x民族文化@y中国 |
| 690 | @aK287.4@v5 | |
| 690 | @aK28@v4 | |
| 701 | 0 | @a陶斯文@Atao si wen@4编著 |
| 801 | 0 | @aCN@b91MARC@c20230218 |
| 905 | @aZUCC@dK28@e29:4 | |
| 羌族.4/陶斯文等编著.-北京:中国人口出版社,2014(2022重印) |
| 128页:图,照片;23cm.-(中国少数民族人口丛书/翟振武主编) |
| 国家出版基金项目 中国作家协会《民族文学》杂志社支持 |
| ISBN 978-7-5101-1517-2:CNY38.00 |
| 本书重点介绍了羌族的历史、文化、环境、功绩、民俗、史诗、人口、碉楼、音乐、羌舞、羌笛、羌绣、科技、经济等,突出了羌民族文化的特点,展示了羌族文化。 |
| ● |
| 相关链接 |
|
|
|
正题名:羌族
索取号:K28/29:4
 
预约/预借
| 序号 | 登录号 | 条形码 | 馆藏地/架位号 | 状态 | 备注 |
| 1 | 2000993076 | 2000993076 | 第四书库/四33架B面2层3列/ [索取号:K28/29:4] | 在馆 | |
| 2 | 2000993077 | 2000993077 | 第四书库/四33架B面2层3列/ [索取号:K28/29:4] | 在馆 | |
| 3 | 2000993078 | 2000993078 | 第四书库/四33架B面2层3列/ [索取号:K28/29:4] | 在馆 | |
| 4 | 2000993079 | 2000993079 | 第四书库/四33架B面2层3列/ [索取号:K28/29:4] | 在馆 | |
| 5 | 2000993080 | 2000993080 | 第四书库/四33架B面2层3列/ [索取号:K28/29:4] | 在馆 | |
| 6 | 2000993081 | 2000993081 | 第四书库/四33架B面2层3列/ [索取号:K28/29:4] | 在馆 |